000 00911cam a2200277 4500
001 M1305
008 090401t1985 xxu||||| |||| 00| 0 eng d
035 _a(Sirsi) u31041
041 _aeng
050 _a333.33072
090 _aRICS 1985/73ABC
110 _aRoyal Institution of Chartered Surveyors
_94900
245 _aContinuing professional development - five years on.
260 _aLondon
_bRICS
_c1985
300 _a(14)p. ; 30cm.
350 _a0
520 _aA discussion paper prepared for the Education and Membership Committee for consideration by the Branches, the Divisions and the Junior Organisation.
650 _aABOUT RICS-RICS MEMBERS
650 _aCONTINUING PROFESSIONAL DEVELOPMENT
650 _aCPD
650 _aCAREERS, EDUCATION AND TRAINING
650 _aRICS
690 _aMANAGEMENT-BUSINESS MANAGEMENT-PROFESSIONAL PRACTICE
942 _n0
948 _c04/03/1997
999 _c89541
_d89541